[Event "Nimzo Craze"]
[Site "SchemingMind.com"]
[Date "2007.08.04"]
[Round "-"]
[White "nimzoking"]
[Black "Lazaro"]
[Result "1-0"]
[WhiteCountry "ENG"]
[BlackCountry "CUB"]
[WhiteElo "2094"]
[WhiteRD "80"]
[BlackElo "1953"]
[BlackRD "69"]
[GameID "114740"]

1. d4 Nf6 2. c4 e6 3. Nc3 Bb4 4. f3 d5 5. a3 Bxc3+= 6. bxc3 c6 7. Bg5 dxc4 8. e4 b5 9. e5 h6 10. Bh4 g5
11. Bf2 Nd5 12. Qc2 a6 13. Ne2 Nd7 14. Ng3 c5 15. Ne4 Bb7 16. Nd6+
1-0

[Event "Nimzo Craze"]
[Site "SchemingMind.com"]
[Date "2007.08.01"]
[Round "-"]
[White "nimzoking"]
[Black "imhotep"]
[Result "1-0"]
[WhiteCountry "ENG"]
[BlackCountry "HUN"]
[WhiteElo "2121"]
[WhiteRD "77"]
[BlackElo "1796"]
[BlackRD "89"]
[GameID "114741"]

1. d4 Nf6 2. c4 e6 3. Nc3 Bb4 4. Nf3 b6 5. Qb3 c5 6. Bg5 h6 7. Bh4 O-O 8. e3 Bb7 9. Be2 d6 10. O-O Bxc3
11. Qxc3 Nbd7 12. Rad1 Qe7 13. a3 Rac8 14. dxc5 Rxc5 15. b4 Rc7 16. Rc1 Rfc8 17. Qb2 a6 18. Rfd1 e5 19. Nd2 g5 20. Bg3 Ne8
21. Qb1 Qe6 22. h3 f5 23. e4 f4 24. Bg4 Qe7 25. Bh2 Nef6 26. Bf5 Nf8 27. Bxc8 Rxc8 28. f3 Ne6 29. Kh1 h5 30. Bg1 Nd7
31. Qd3 Nf6 32. Bxb6 g4 33. Nb3 Rc6 34. Bf2 Ng5 35. Bh4 gxh3 36. Bxg5
1-0

[Event "Nimzo Craze"]
[Site "SchemingMind.com"]
[Date "2007.07.31"]
[Round "-"]
[White "nimzoking"]
[Black "badbishop"]
[Result "1-0"]
[WhiteCountry "ENG"]
[BlackCountry "POL"]
[WhiteElo "2134"]
[WhiteRD "78"]
[BlackElo "2228"]
[BlackRD "75"]
[GameID "114742"]

1. d4 Nf6 2. c4 e6 3. Nc3 Bb4 4. f3 d5 5. a3 Be7 6. e4 dxe4 7. fxe4 e5 8. d5 Bc5 9. Nf3 Bg4 10. h3 Bxf3
11. Qxf3 Nbd7 12. Bd3 c6 13. Be3 Bxe3 14. Qxe3 Qb6 15. Qxb6 axb6 16. O-O Ke7 17. Rf5 Ne8 18. Rf3 Nd6 19. Raf1 f6 20. g4 h5
21. gxh5 Rxh5 22. Rg3 Kf7 23. Be2 Rh4 24. dxc6 Nc5 25. c7 Ncxe4 26. Nxe4 Rxe4 27. Rd1 Rd4 28. Rxd4 exd4 29. Rb3 Rc8 30. Rxb6 Ke7
31. c5 Ne8 32. Rxb7 Rxc7 33. Rxc7+ Nxc7 34. b4
1-0

[Event "Nimzo Craze"]
[Site "SchemingMind.com"]
[Date "2007.07.31"]
[Round "-"]
[White "nimzoking"]
[Black "smothered mate"]
[Result "1-0"]
[WhiteCountry "ENG"]
[BlackCountry "POL"]
[WhiteElo "2121"]
[WhiteRD "77"]
[BlackElo "2004"]
[BlackRD "75"]
[GameID "114743"]

1. d4 Nf6 2. c4 e6 3. Nc3 Bb4 4. Nf3 O-O 5. Bg5 h6 6. Bh4 d5 7. e3 Nbd7 8. Qb3 Bxc3+ 9. bxc3 c6 10. cxd5 exd5
11. Bd3 Qa5 12. O-O Ne4 13. Bxe4 dxe4 14. Nd2 Qh5 15. Bg3 Nf6 16. c4 b5 17. cxb5 Be6 18. Qc2 cxb5 19. Nxe4 Nd5 20. Qb2 a6
21. Nc5 Nb6 22. Nxe6 fxe6 23. Qb3 Nc4 24. a4 Rae8 25. Rfd1 Rf7 26. axb5 axb5 27. Rdb1 Rb7 28. Qd3 Qd5 29. e4 Qd7 30. f3 Rc8
31. Rb3 b4 32. Be1 Qb5 33. Rxb4
1-0

[Event "Nimzo Craze"]
[Site "SchemingMind.com"]
[Date "2007.08.01"]
[Round "-"]
[White "nimzoking"]
[Black "mi_di"]
[Result "1/2-1/2"]
[WhiteCountry "ENG"]
[BlackCountry "MEX"]
[WhiteElo "2121"]
[WhiteRD "77"]
[BlackElo "1749"]
[BlackRD "105"]
[GameID "114744"]

1. d4 Nf6 2. c4 e6 3. Nc3 Bb4 4. Qc2 d5 5. cxd5 exd5 6. Bg5 c5 7. a3 Bxc3+ 8. bxc3 h6 9. Bh4 O-O 10. e3 b6
11. Be2 Qd6 12. Bf3 Nbd7 13. Ne2 Bb7 14. O-O cxd4 15. cxd4 Rac8 16. Qf5 Ba6 17. Rfc1 Rxc1+ 18. Nxc1 Bc4 19. Ne2 b5 20. Nc3 a5
21. Bg3 Qc6 22. Rc1 b4 23. axb4 axb4 24. Nd1=
1/2-1/2

[Event "Nimzo Craze"]
[Site "SchemingMind.com"]
[Date "2007.08.01"]
[Round "-"]
[White "carosoko"]
[Black "nimzoking"]
[Result "0-1"]
[WhiteCountry "BEL"]
[BlackCountry "ENG"]
[WhiteElo "1648"]
[WhiteRD "76"]
[BlackElo "2094"]
[BlackRD "80"]
[GameID "114746"]

1. d4 Nf6 2. c4 e6 3. Nc3 Bb4 4. a3 Bxc3+ 5. bxc3 Ne4 6. Qc2 f5 7. Nf3 O-O 8. e3 b6 9. Bd3 Bb7 10. O-O Ng5
11. Rb1 Nxf3+ 12. gxf3 Qg5+
0-1

[Event "Nimzo Craze"]
[Site "SchemingMind.com"]
[Date "2007.08.04"]
[Round "-"]
[White "Lazaro"]
[Black "nimzoking"]
[Result "1/2-1/2"]
[WhiteCountry "CUB"]
[BlackCountry "ENG"]
[WhiteElo "1902"]
[WhiteRD "58"]
[BlackElo "2121"]
[BlackRD "77"]
[GameID "114747"]

1. d4 Nf6 2. c4 e6 3. Nc3 Bb4 4. Bg5 c5 5. dxc5 Nc6 6. Rc1 h6 7. Bxf6 Qxf6 8. a3 Bxc5 9. Nf3 a6 10. e3 Ne5
11. Nxe5 Qxe5 12. Bd3 O-O 13. O-O Bd6 14. g3 f5 15. Be2 Rb8 16. Qd3 Be7 17. b4 d6 18. Rfd1 Bd7 19. c5 Rfd8 20. cxd6 Be8
21. Qd4 Qxd4=
1/2-1/2

[Event "Nimzo Craze"]
[Site "SchemingMind.com"]
[Date "2007.08.01"]
[Round "-"]
[White "imhotep"]
[Black "nimzoking"]
[Result "0-1"]
[WhiteCountry "HUN"]
[BlackCountry "ENG"]
[WhiteElo "1807"]
[WhiteRD "101"]
[BlackElo "2094"]
[BlackRD "80"]
[GameID "114748"]

1. d4 Nf6 2. c4 e6 3. Nc3 Bb4 4. g3 d5 5. Bg2 Ne4 6. Bd2 Nxd2 7. Qxd2 dxc4 8. Nf3 O-O 9. O-O Nc6 10. a3 Be7
11. e4 e5 12. Nd5 Bd6 13. Rac1 b5 14. dxe5 Nxe5 15. Nxe5 Bxe5 16. f4 Bd6 17. e5 Bc5+ 18. Kh1 c6 19. Rfd1 cxd5 20. Bxd5 Bg4
21. Bxf7+ Kxf7
0-1

[Event "Nimzo Craze"]
[Site "SchemingMind.com"]
[Date "2007.08.01"]
[Round "-"]
[White "badbishop"]
[Black "nimzoking"]
[Result "1/2-1/2"]
[WhiteCountry "POL"]
[BlackCountry "ENG"]
[WhiteElo "2228"]
[WhiteRD "75"]
[BlackElo "2134"]
[BlackRD "78"]
[GameID "114749"]

1. d4 Nf6 2. c4 e6 3. Nc3 Bb4 4. Qc2 O-O 5. a3 Bxc3+ 6. bxc3 d5 7. Bg5 h6 8. Bh4 c5 9. e3 Nbd7 10. Nf3 Qa5
11. Be2 cxd4 12. exd4 b6 13. O-O Bb7 14. cxd5 Nxd5 15. c4 Nf4 16. Bd1 Nf6 17. Bg3 N4h5 18. Ne5 Nxg3 19. hxg3 Rac8 20. Bf3 Bxf3
21. gxf3 Rfd8 22. Rfd1 Nd7 23. f4 Nxe5 24. fxe5 Qa6 25. c5 bxc5 26. dxc5 Rd5 27. Rxd5 exd5 28. Rd1 Qc4 29. Qf5 Re8 30. Qd7 Rxe5
31. c6 Qc2 32. c7 Qxd1+ 33. Kg2 Rh5 34. c8=Q+ Kh7 35. Qf5+=
1/2-1/2

[Event "Nimzo Craze"]
[Site "SchemingMind.com"]
[Date "2007.08.01"]
[Round "-"]
[White "smothered mate"]
[Black "nimzoking"]
[Result "0-1"]
[WhiteCountry "POL"]
[BlackCountry "ENG"]
[WhiteElo "2004"]
[WhiteRD "75"]
[BlackElo "2121"]
[BlackRD "77"]
[GameID "114750"]

1. d4 Nf6 2. c4 e6 3. Nc3 Bb4 4. Qc2 O-O 5. a3 Bxc3+ 6. Qxc3 h6 7. Nf3 b6 8. e3 Bb7 9. Be2 d6 10. O-O Nbd7
11. b4 Ne4 12. Qc2 Qe8 13. Nd2 Nxd2 14. Bxd2 Nf6 15. f3 Rd8 16. Rfd1 e5 17. Bd3 e4 18. fxe4 Bxe4 19. Rf1 Bxd3 20. Qxd3 Qe4
21. Qc3 Qg6 22. Be1 Rde8 23. Rf3 Ne4 24. Qc2 f5 25. Bg3 Ng5 26. Rf4 Rxe3 27. Raf1 Rxa3 28. Rxf5 Rxf5 29. Rxf5 Ra1+ 30. Kf2 Qe6
31. Rxg5 hxg5 32. Qb2 Qf6+ 33. Ke3 Qf1 34. c5 bxc5 35. bxc5 d5 36. Bxc7 Re1+
0-1

[Event "Nimzo Craze"]
[Site "SchemingMind.com"]
[Date "2007.08.04"]
[Round "-"]
[White "mi_di"]
[Black "nimzoking"]
[Result "0-1"]
[WhiteCountry "MEX"]
[BlackCountry "ENG"]
[WhiteElo "1749"]
[WhiteRD "105"]
[BlackElo "2121"]
[BlackRD "77"]
[GameID "114751"]

1. d4 Nf6 2. c4 e6 3. Nc3 Bb4 4. e3 O-O 5. Bd3 Bxc3+ 6. bxc3 b6 7. Nf3 Bb7 8. O-O d6 9. Qc2 Bxf3 10. gxf3 g6
11. e4 Nfd7 12. Bh6 Re8 13. Qd2 c5 14. Kh1 cxd4 15. cxd4 Nc6 16. Bc2 Qf6 17. Bf4 Nxd4 18. Bxd6 Qxf3+ 19. Kg1 Ne2+
0-1

[Event "Nimzo Craze"]
[Site "SchemingMind.com"]
[Date "2007.08.04"]
[Round "-"]
[White "_keyes"]
[Black "carosoko"]
[Result "1-0"]
[WhiteCountry "ENG"]
[BlackCountry "BEL"]
[WhiteElo "1835"]
[WhiteRD "72"]
[BlackElo "1663"]
[BlackRD "75"]
[GameID "115005"]

1. d4 Nf6 2. c4 e6 3. Nc3 Bb4 4. e3 c5 5. Ne2 Nc6 6. a3 Bxc3+ 7. Nxc3 cxd4 8. exd4 d5 9. Be3 Bd7 10. Nb5 a6
11. Nd6+ Kf8 12. Nxb7 Qb8 13. Nc5 g6 14. Qd2 Ra7 15. Bh6+ Kg8 16. cxd5 exd5 17. Bg5 Kg7 18. Bh6+ Kg8 19. Bxa6 Ne4 20. Nxe4 dxe4
21. Bc4 Ne7 22. Bg5 Nf5 23. Bf6 Ng7 24. O-O Qd6 25. Be5 Qe7 26. Rae1 Be6 27. Bxe6 Qxe6 28. Bxg7 Kxg7 29. d5 Qe5 30. f4 Qf5
31. Qd4+
1-0

[Event "Nimzo Craze"]
[Site "SchemingMind.com"]
[Date "2007.08.07"]
[Round "-"]
[White "_keyes"]
[Black "Lazaro"]
[Result "1-0"]
[WhiteCountry "ENG"]
[BlackCountry "CUB"]
[WhiteElo "1889"]
[WhiteRD "78"]
[BlackElo "1902"]
[BlackRD "58"]
[GameID "115006"]

1. d4 Nf6 2. c4 e6 3. Nc3 Bb4 4. e3 c5 5. Ne2 d5 6. a3 cxd4 7. exd4 dxc4 8. axb4 Nc6 9. b5 Nb4 10. Ng3 Qc7
11. Ra4 a5 12. bxa6 Nxa6 13. Rxc4 Qa5 14. Qa4+ Qxa4 15. Rxa4 Bd7 16. Bb5 O-O 17. O-O Bxb5 18. Nxb5 Rad8 19. Bg5 Rd5 20. Bxf6 Rxb5
21. Be7 Re8 22. Ba3 Rd8 23. h3
1-0

[Event "Nimzo Craze"]
[Site "SchemingMind.com"]
[Date "2007.08.06"]
[Round "-"]
[White "_keyes"]
[Black "imhotep"]
[Result "1-0"]
[WhiteCountry "ENG"]
[BlackCountry "HUN"]
[WhiteElo "1889"]
[WhiteRD "78"]
[BlackElo "1796"]
[BlackRD "89"]
[GameID "115007"]

1. d4 Nf6 2. c4 e6 3. Nc3 Bb4 4. e3 b6 5. Ne2 Ba6 6. a3 Bxc3+ 7. Nxc3 d5 8. b3 O-O 9. a4 Nc6 10. Ba3 Re8
11. Be2 Na5 12. Nb5 Ne4 13. Rc1 c6 14. Nc3 Nxf2 15. Kxf2 dxc4 16. bxc4 Bxc4 17. Rf1 e5 18. Kg1 exd4 19. exd4 Qh4 20. Bd6 Rad8
21. Be5 f6 22. g3 Qg5 23. Bxc4+ Nxc4 24. Bf4 Qg6 25. Ne2 Qf7 26. Qd3 b5 27. axb5 cxb5 28. Rc2 a5 29. Rd1 Qd5 30. Nc3 Qb7
31. Nxb5 Qxb5 32. Qxc4+
1-0

[Event "Nimzo Craze"]
[Site "SchemingMind.com"]
[Date "2007.08.07"]
[Round "-"]
[White "_keyes"]
[Black "badbishop"]
[Result "0-1"]
[WhiteCountry "ENG"]
[BlackCountry "POL"]
[WhiteElo "1835"]
[WhiteRD "72"]
[BlackElo "2228"]
[BlackRD "75"]
[GameID "115008"]

1. d4 Nf6 2. c4 e6 3. Nc3 Bb4 4. e3 b6 5. Ne2 c5 6. a3 Ba5 7. Qc2 Bb7 8. f3 Nc6 9. Bd2 Rc8 10. O-O-O d5
11. cxd5 Nxd5 12. dxc5 bxc5 13. e4 Nxc3 14. Bxc3 Qb6 15. Bxg7 Rg8 16. Bc3 Bxc3 17. Nxc3 Nd4 18. Qa4+ Bc6 19. Qc4 Rb8 20. Qa2 Ke7
21. h4 Nb3+ 22. Kb1 a5 23. g4 a4 24. Bc4 Rgd8 25. g5 Nd2+ 26. Ka1 Nxc4 27. Rb1 Nd2 28. Rbd1 Nxf3 29. b4 axb3 30. Qb2 Nd4
31. Rdf1 Ra8 32. Kb1 Qa6 33. Rh2 Qxf1+
0-1

[Event "Nimzo Craze"]
[Site "SchemingMind.com"]
[Date "2007.08.05"]
[Round "-"]
[White "_keyes"]
[Black "smothered mate"]
[Result "0-1"]
[WhiteCountry "ENG"]
[BlackCountry "POL"]
[WhiteElo "1779"]
[WhiteRD "72"]
[BlackElo "1924"]
[BlackRD "75"]
[GameID "115009"]

1. d4 Nf6 2. c4 e6 3. Nc3 Bb4 4. e3 O-O 5. Ne2 d5 6. a3 Be7 7. cxd5 exd5 8. g3 a5 9. Bg2 Na6 10. Nf4 c6
11. O-O Nc7 12. f3 Ne6 13. Nfe2 Re8 14. e4 Bf8 15. e5 Nd7 16. f4 Qb6 17. f5 Nxd4 18. Nxd4 Rxe5 19. Kh1 Nf6 20. Bf4 Re8
21. Qd2 Bd7 22. Rad1 c5 23. Nde2 d4 24. Nd5 Nxd5 25. Bxd5 Bxf5 26. Bf3 Bh3 27. Rf2 Rad8 28. Ng1 Be6 29. Rc1 Bd5 30. Bxd5 Rxd5
31. Re2 Red8 32. Qd3 Qc6 33. Nf3 b5 34. Kg1 c4 35. Qd2 d3
0-1

[Event "Nimzo Craze"]
[Site "SchemingMind.com"]
[Date "2007.08.05"]
[Round "-"]
[White "_keyes"]
[Black "nimzoking"]
[Result "0-1"]
[WhiteCountry "ENG"]
[BlackCountry "ENG"]
[WhiteElo "1779"]
[WhiteRD "72"]
[BlackElo "2148"]
[BlackRD "82"]
[GameID "115010"]

1. d4 Nf6 2. c4 e6 3. Nc3 Bb4 4. e3 O-O 5. Ne2 d5 6. a3 Bd6 7. c5 Be7 8. Ng3 b6 9. cxb6 axb6 10. Bd3 c5
11. O-O Ba6 12. dxc5 Bxd3 13. Qxd3 bxc5 14. b3 Nc6 15. Bb2 Qb6 16. Na4 Rxa4 17. bxa4 Qxb2 18. Rfb1 Qe5 19. Qb5 Qd6 20. a5 Nd7
21. a6 Bf6 22. Ra2 Rb8 23. Qd3 c4 24. Qc2 Nc5 25. Rxb8+ Qxb8 26. Nh5 Be5 27. f4 Bc3 28. h3 Ne4 29. Kh2 Qb6 30. Qe2 Qxa6
31. Ng3 Nxg3 32. Kxg3 Bf6 33. Kf2 Ne7 34. Qd1 Nf5 35. g4 Nd6 36. Qb1 Ne4+ 37. Kg2 h6 38. Qb8+ Kh7
0-1

[Event "Nimzo Craze"]
[Site "SchemingMind.com"]
[Date "2007.08.07"]
[Round "-"]
[White "_keyes"]
[Black "mi_di"]
[Result "0-1"]
[WhiteCountry "ENG"]
[BlackCountry "MEX"]
[WhiteElo "1835"]
[WhiteRD "72"]
[BlackElo "1819"]
[BlackRD "93"]
[GameID "115011"]

1. d4 Nf6 2. c4 e6 3. Nc3 Bb4 4. e3 O-O 5. Ne2 d5 6. a3 Be7 7. cxd5 Nxd5 8. e4 Nxc3 9. Nxc3 c5 10. d5 exd5
11. exd5 Bf5 12. Bc4 Bd6 13. Qf3 Bg6 14. O-O Qh4 15. g3 Qxc4 16. Be3 Nd7 17. Qg2 Nf6 18. Rac1 Ne4 19. Ne2 Qxe2
0-1

[Event "Nimzo Craze"]
[Site "SchemingMind.com"]
[Date "2007.08.04"]
[Round "-"]
[White "carosoko"]
[Black "_keyes"]
[Result "0-1"]
[WhiteCountry "BEL"]
[BlackCountry "ENG"]
[WhiteElo "1663"]
[WhiteRD "75"]
[BlackElo "1835"]
[BlackRD "72"]
[GameID "115013"]

1. d4 Nf6 2. c4 e6 3. Nc3 Bb4 4. a3 Bxc3+ 5. bxc3 b6 6. f3 c5 7. Bg5 h6 8. Bh4 g5 9. Bf2 d6 10. d5 e5
11. g3 e4 12. Bg2 Bf5 13. h4 exf3 14. Nxf3 g4 15. Nd2 Qe7 16. O-O Bg6 17. e4 Nbd7 18. Be3 Kf8 19. Ra2 Kg7 20. a4 a5
21. Rb2 Rab8 22. Qe2 Rhe8 23. Rfb1 Nxe4 24. Nxe4 Bxe4 25. Bxe4 Qxe4 26. Kf2 Qf5+ 27. Ke1 Re4 28. Kd2 Rbe8 29. Rf1 Qg6 30. Bxh6+ Qxh6+
0-1

[Event "Nimzo Craze"]
[Site "SchemingMind.com"]
[Date "2007.08.04"]
[Round "-"]
[White "imhotep"]
[Black "_keyes"]
[Result "0-1"]
[WhiteCountry "HUN"]
[BlackCountry "ENG"]
[WhiteElo "1796"]
[WhiteRD "89"]
[BlackElo "1889"]
[BlackRD "78"]
[GameID "115015"]

1. d4 Nf6 2. c4 e6 3. Nc3 Bb4 4. g3 c5 5. dxc5 Bxc5 6. Bg2 a6 7. Nf3 Nc6 8. O-O h6 9. a3 O-O 10. b4 Be7
11. Bb2 d5 12. cxd5 exd5 13. e3 Bg4 14. Ne2 Qd7 15. Ned4 Nxd4 16. Qxd4 Bh3 17. Ne5 Qe6 18. Rfd1 Bxg2 19. Kxg2 Rfd8 20. Rac1 Rac8
21. Rxc8 Rxc8 22. Rc1 Rxc1 23. Bxc1 Ne4 24. Bb2 Bf6 25. h4 Nd6 26. f4 Nc4 27. a4 Nxb2 28. Qxb2 Bxe5 29. Qxe5 Qxe5 30. fxe5 Kf8
31. h5 Ke7 32. Kf3 g5 33. hxg6 fxg6
0-1

[Event "Nimzo Craze"]
[Site "SchemingMind.com"]
[Date "2007.08.04"]
[Round "-"]
[White "badbishop"]
[Black "_keyes"]
[Result "1-0"]
[WhiteCountry "POL"]
[BlackCountry "ENG"]
[WhiteElo "2211"]
[WhiteRD "75"]
[BlackElo "1779"]
[BlackRD "72"]
[GameID "115016"]

1. d4 Nf6 2. c4 e6 3. Nc3 Bb4 4. Qc2 d5 5. cxd5 exd5 6. Bg5 h6 7. Bxf6 Qxf6 8. a3 Bxc3+ 9. Qxc3 O-O 10. e3 c6
11. Nf3 Bg4 12. Be2 Nd7 13. O-O Qe6 14. b4 Nf6 15. Qc2 Bf5 16. Qb3 Ne4 17. Rfc1 Bg4 18. Qb2 Rae8 19. a4 f5 20. b5 Bxf3
21. Bxf3 Ng5 22. Bh5 g6 23. h4 Ne4 24. Bf3 Re7 25. bxc6 bxc6 26. Qb4 Rc7 27. Rc2 g5 28. hxg5 hxg5 29. Rac1 g4 30. Bxe4 fxe4
31. Qa5 Rff7 32. Qa6 Rf6 33. Rb1 Rh6 34. Rb8+ Kf7 35. Rb7 Qd7 36. Rcb2 Ke6 37. Qxa7 Rh7 38. Rxc7 Qxc7 39. Qxc7 Rxc7 40. Kh2 Ra7
41. Ra2 Kf5 42. a5 Rh7+ 43. Kg3
1-0

[Event "Nimzo Craze"]
[Site "SchemingMind.com"]
[Date "2007.08.04"]
[Round "-"]
[White "smothered mate"]
[Black "_keyes"]
[Result "1-0"]
[WhiteCountry "POL"]
[BlackCountry "ENG"]
[WhiteElo "1924"]
[WhiteRD "75"]
[BlackElo "1779"]
[BlackRD "72"]
[GameID "115017"]

1. d4 Nf6 2. c4 e6 3. Nc3 Bb4 4. Bf4 Nh5 5. Bd2 Nf6 6. e3 b6 7. Bd3 Bb7 8. f3 c5 9. Nge2 O-O 10. O-O Nc6
11. Qe1 cxd4 12. exd4 d5 13. cxd5 exd5 14. Bg5 Be7 15. Qh4 g6 16. Rae1 Nh5 17. Bxe7 Qxe7 18. Qf2 Qd7 19. g4 Ng7 20. Nf4 Ne7
21. Re5 a6 22. Rfe1 Nc6 23. Ncxd5 Kh8 24. Nf6 Qxd4 25. Qxd4 Nxd4 26. Re7 Nxf3+ 27. Kf2 Nxe1 28. Kxe1 Bc8 29. h4 Ne6 30. N4d5 Rb8
31. h5 Nc5 32. Bc2 Be6 33. hxg6 hxg6 34. b4 Nb7 35. Nc7 Bxa2 36. Nd7 Kg7 37. Nxb8 Rxb8 38. Nxa6
1-0

[Event "Nimzo Craze"]
[Site "SchemingMind.com"]
[Date "2007.08.04"]
[Round "-"]
[White "nimzoking"]
[Black "_keyes"]
[Result "1-0"]
[WhiteCountry "ENG"]
[BlackCountry "ENG"]
[WhiteElo "2148"]
[WhiteRD "82"]
[BlackElo "1779"]
[BlackRD "72"]
[GameID "115018"]

1. d4 Nf6 2. c4 e6 3. Nc3 Bb4 4. f3 c5 5. d5 Bxc3+ 6. bxc3 Nh5 7. g3 O-O 8. e4 f5 9. f4 Nf6 10. e5 Ne4
11. Qc2 d6 12. Nf3 dxe5 13. Nxe5 Nd7 14. Nxd7 Qxd7 15. Bd3 exd5 16. O-O Kh8 17. cxd5 Qxd5 18. Bxe4 fxe4 19. Re1 Bf5 20. Be3 b6
21. Rad1 Qe6 22. c4 Rfd8 23. Rxd8+ Rxd8 24. Rd1 Rxd1+ 25. Qxd1 Qd7 26. Qd5 Qxd5 27. cxd5 Kg8 28. Kf2 Kf7 29. Bc1 h5 30. Bb2 a6
31. Be5 b5 32. Bd6 c4 33. Bb4 Kg6 34. Ke3 h4 35. gxh4 Kh5 36. Be1 Kg4 37. d6 Kh3 38. Kd4 Kxh2 39. Ke5 g6 40. h5 Bd7
41. hxg6
1-0

[Event "Nimzo Craze"]
[Site "SchemingMind.com"]
[Date "2007.08.04"]
[Round "-"]
[White "mi_di"]
[Black "_keyes"]
[Result "1-0"]
[WhiteCountry "MEX"]
[BlackCountry "ENG"]
[WhiteElo "1834"]
[WhiteRD "92"]
[BlackElo "1779"]
[BlackRD "72"]
[GameID "115019"]

1. d4 Nf6 2. c4 e6 3. Nc3 Bb4 4. e3 c5 5. Ne2 d5 6. a3 Bxc3+ 7. Nxc3 cxd4 8. exd4 dxc4 9. Bxc4 O-O 10. O-O Qc7
11. Bd3 h6 12. Ne4 Nxe4 13. Bxe4 Rd8 14. Be3 Bd7 15. Rc1 Bc6 16. Qc2 Qe7 17. Bxc6 Nxc6 18. Rfd1 Rd5 19. Qe4 Rad8 20. Qg4 Kh8
21. Qe4 e5 22. Rc4 Qd7 23. Qf3 exd4 24. Bf4 d3 25. Kf1 g5 26. Bd2 Kg8 27. Bc3 b5 28. Qf6 Kf8 29. Qg7+ Ke8 30. Qh8+ Ke7
31. Bb4+ Nxb4 32. Re1+ Qe6 33. Rxe6+ Kxe6 34. Qxh6+ f6 35. Re4+
1-0

[Event "Nimzo Craze"]
[Site "SchemingMind.com"]
[Date "2007.08.04"]
[Round "-"]
[White "pompey"]
[Black "_keyes"]
[Result "1-0"]
[WhiteCountry "ENG"]
[BlackCountry "ENG"]
[WhiteElo "2433"]
[WhiteRD "111"]
[BlackElo "1779"]
[BlackRD "72"]
[GameID "115021"]

1. d4 Nf6 2. c4 e6 3. Nc3 Bb4 4. e3 c5 5. Bd3 Nc6 6. Nf3 Bxc3+ 7. bxc3 d6 8. O-O O-O 9. e4 e5 10. d5 Ne7
11. Nh4 Ne8 12. Nf5 Nxf5 13. exf5 f6 14. Bd2 b6 15. Re1 a5 16. Re3 Ba6 17. a4 h6 18. Qg4 Kf7 19. f4 Ke7 20. Qh4 Kd7
21. Qh5 Kc8 22. Rb1 Ra7 23. Qd1 Kc7 24. Re2 Bc8 25. Be1 Kb8 26. Bh4 Rb7 27. fxe5 g5 28. fxg6 Bg4 29. e6 Bxe2 30. Qxe2 Ng7
31. Qd2 h5 32. Rf1 Qe7 33. Qd1 Ka7 34. Rf4 Ne8 35. Qxh5 Qg7 36. Qh7 Kb8 37. Qxg7 Rxg7 38. Bg5 Rc7 39. h4 Rh8 40. Rxf6
1-0

[Event "Nimzo Craze"]
[Site "SchemingMind.com"]
[Date "2007.08.04"]
[Round "-"]
[White "pompey"]
[Black "carosoko"]
[Result "1-0"]
[WhiteCountry "ENG"]
[BlackCountry "BEL"]
[WhiteElo "2415"]
[WhiteRD "111"]
[BlackElo "1648"]
[BlackRD "76"]
[GameID "115022"]

1. d4 Nf6 2. c4 e6 3. Nc3 Bb4 4. e3 Bxc3+ 5. bxc3 c5 6. Bd3 Nc6 7. Nf3 O-O 8. d5 Qa5 9. O-O Ne7 10. d6 Nc6
11. Qc2 b6 12. e4 Bb7 13. e5 Ng4 14. Bxh7+ Kh8 15. Be4 f6 16. h3 Ngxe5 17. Nxe5 fxe5 18. Qe2 Rf6 19. Qh5+ Kg8 20. Bh7+ Kf8
21. Bg5
1-0

[Event "Nimzo Craze"]
[Site "SchemingMind.com"]
[Date "2007.08.04"]
[Round "-"]
[White "pompey"]
[Black "Lazaro"]
[Result "1-0"]
[WhiteCountry "ENG"]
[BlackCountry "CUB"]
[WhiteElo "2435"]
[WhiteRD "110"]
[BlackElo "1902"]
[BlackRD "58"]
[GameID "115023"]

1. d4 Nf6 2. c4 e6 3. Nc3 Bb4 4. e3 c5 5. Bd3 O-O 6. Nf3 d5 7. O-O cxd4 8. exd4 dxc4 9. Bxc4 Nc6 10. a3 Be7
11. Bf4 a6 12. Rc1 b5 13. Ba2 Bb7 14. d5 exd5 15. Nxd5 Nxd5 16. Bxd5 Rc8 17. b4 Bf6 18. Rc5 Be7 19. Bg5 Bxg5 20. Nxg5 Qb6
21. Qh5
1-0

[Event "Nimzo Craze"]
[Site "SchemingMind.com"]
[Date "2007.08.03"]
[Round "-"]
[White "pompey"]
[Black "imhotep"]
[Result "1-0"]
[WhiteCountry "ENG"]
[BlackCountry "HUN"]
[WhiteElo "2415"]
[WhiteRD "111"]
[BlackElo "1807"]
[BlackRD "101"]
[GameID "115024"]

1. d4 Nf6 2. c4 e6 3. Nc3 Bb4 4. e3 b6 5. Bd3 Bb7 6. Nf3 O-O 7. O-O d5 8. cxd5 exd5 9. Qc2 c5 10. Ng5 g6
11. a3 Bxc3 12. Qxc3 c4 13. Bc2 b5 14. a4 a6 15. b3 Nbd7 16. axb5 axb5 17. Rxa8 Qxa8 18. Bd2 Qa6 19. Ra1 Qb6 20. Qb4 h6
21. Nf3 Ra8 22. Rxa8+ Bxa8 23. Bc1 Kg7 24. Bb2 Bb7 25. Ne5 Nb8 26. Qe7
1-0

[Event "Nimzo Craze"]
[Site "SchemingMind.com"]
[Date "2007.08.02"]
[Round "-"]
[White "pompey"]
[Black "badbishop"]
[Result "1-0"]
[WhiteCountry "ENG"]
[BlackCountry "POL"]
[WhiteElo "2449"]
[WhiteRD "111"]
[BlackElo "2228"]
[BlackRD "75"]
[GameID "115025"]

1. d4 Nf6 2. c4 e6 3. Nc3 Bb4 4. e3 b6 5. Bd3 Bb7 6. Nf3 c5 7. Bd2 O-O 8. O-O cxd4 9. exd4 d5 10. cxd5 Nxd5
11. Qc2 Nf6 12. Bg5 h6 13. Bxf6 Qxf6 14. Ne5 Bxc3 15. bxc3 Rd8 16. Bh7+ Kh8 17. Be4 Bd5 18. c4 Rc8 19. Rae1 a6 20. f4 Ra7
21. f5 Bxc4 22. Bd3 Rac7 23. Bxc4 Rxc4 24. Qb3 Rc3 25. fxe6 Rxb3 26. Nxf7+ Kg8 27. Rxf6 gxf6 28. axb3
1-0

[Event "Nimzo Craze"]
[Site "SchemingMind.com"]
[Date "2007.08.03"]
[Round "-"]
[White "pompey"]
[Black "smothered mate"]
[Result "1-0"]
[WhiteCountry "ENG"]
[BlackCountry "POL"]
[WhiteElo "2435"]
[WhiteRD "110"]
[BlackElo "2004"]
[BlackRD "75"]
[GameID "115026"]

1. d4 Nf6 2. c4 e6 3. Nc3 Bb4 4. e3 O-O 5. Bd3 d5 6. Nf3 c5 7. O-O Nc6 8. a3 Bxc3 9. bxc3 dxc4 10. Bxc4 Qc7
11. Bd3 e5 12. Qc2 Re8 13. Ng5 h6 14. Ne4 Nxe4 15. Bxe4 Ne7 16. Bb2 f5 17. Bf3 Be6 18. dxe5 c4 19. Rfd1 Rad8 20. Rd4 b5
21. Rad1 Ng6 22. Bh5 Nxe5 23. Bxe8 Rxe8 24. a4 a6 25. Ba3 Nd3 26. Ra1 Qb7 27. axb5 axb5 28. Qd1 Bd5 29. Qh5 Qf7 30. Qxf7+ Bxf7
31. Bd6 g5 32. h3 Rc8 33. Be7 f4 34. Rd6 Kg7 35. Bf6+ Kh7 36. Bd4 fxe3 37. Raa6
1-0

[Event "Nimzo Craze"]
[Site "SchemingMind.com"]
[Date "2007.08.04"]
[Round "-"]
[White "pompey"]
[Black "nimzoking"]
[Result "1-0"]
[WhiteCountry "ENG"]
[BlackCountry "ENG"]
[WhiteElo "2415"]
[WhiteRD "111"]
[BlackElo "2094"]
[BlackRD "80"]
[GameID "115027"]

1. d4 Nf6 2. c4 e6 3. Nc3 Bb4 4. e3 O-O 5. Bd3 d5 6. Nf3 c5 7. O-O Bxc3 8. bxc3 b6 9. cxd5 exd5 10. dxc5 bxc5
11. c4 Ba6 12. Ne5 Re8 13. Bb2 Qd6 14. Ng4 Nbd7 15. Nxf6+ Nxf6 16. Bxf6 Qxf6 17. cxd5 Bxd3 18. Qxd3 Rad8 19. Rac1 Qd6 20. Rfd1 Re5
21. e4 Rde8 22. Rc4 g6 23. f4
1-0

[Event "Nimzo Craze"]
[Site "SchemingMind.com"]
[Date "2007.08.03"]
[Round "-"]
[White "pompey"]
[Black "mi_di"]
[Result "1-0"]
[WhiteCountry "ENG"]
[BlackCountry "MEX"]
[WhiteElo "2435"]
[WhiteRD "110"]
[BlackElo "1749"]
[BlackRD "105"]
[GameID "115028"]

1. d4 Nf6 2. c4 e6 3. Nc3 Bb4 4. e3 O-O 5. Bd3 d5 6. Nf3 c5 7. O-O dxc4 8. Bxc4 cxd4 9. exd4 b6 10. Bg5 Bb7
11. Qe2 Bxc3 12. bxc3 Nbd7 13. Bd3 Qc7 14. c4 h6 15. Bd2 Rfe8 16. Rfe1 Qd6 17. Bc3 Rac8 18. Bb2 Qf4 19. Nd2 h5 20. Qe3 Qg4
21. f3 Qh4 22. g3 Qh3 23. d5 exd5 24. Qf4 Ng4 25. fxg4 dxc4 26. Bf1 Rxe1 27. Rxe1 Qxg4 28. Qxg4 hxg4 29. Bxc4 Kf8 30. Ba3+ Kg8
31. Re7
1-0